000 01762cam a2200481 4500
001 21996
003 VRT
005 20260317144252.0
008 210730s2021 xo a brfi 000 0 slo
015 _aSNBA2021/09
020 _a9788055176338
_q(viazané)
039 9 _a202310061225
_bAUTHORITY
_c202109220956
_dmsnk167
040 _aSNK
_bslo
_cSNK
_erda
041 0 _aslo
044 _axo
_cSK
072 7 _a821-93
_xLiteratúra pre deti a mládež (beletria)
_2konspekt
080 _a(035)
_22011
080 _a82-93-053.2
_22011
100 1 _aAmson-Bradshaw, Georgia
_4aut
240 1 0 _aSo you want to be a Roman Soldier?
_lSlovensky
245 1 0 _aChceš byť ako rímsky vojak?
_cnapísala Georgia Amson-Bradshaw ; ilustrovala Takayo Akiyama ; preložila Marína Gálisová
250 _aPrvé vydanie
264 1 _aBratislava
_bIkar, a.s. - Stonožka
_c2021
300 _a96 strán
_bilustrácie
_c20 cm
336 _atext
_btxt
_2rdacontent
336 _astatický obraz
_bsti
_2rdacontent
337 _abez média
_bn
_2rdamedia
338 _azväzok
_bnc
_2rdacarrier
500 _aInšpirované knihou Legionár Philipa Matyszaka
500 _aPreložené z angličtiny
521 8 _aPre čitateľov od 8 rokov
655 7 _apríručky
_2SNKPH
655 7 _apublikácie pre deti
_2SNKPH
655 7 _aHandbooks, manuals, etc.
_2SNKPHeng
655 7 _aPublications for children
_2SNKPHeng
700 1 _aGálisová, Marína,
_d1972-
_4trl
700 1 _aHaywood, John,
_d1956-
_4ant
700 1 _aAkiyama, Takayo,
_d1977-
_4ill
787 0 8 _iZo série:
_tSlávni bojovníci
942 _2ddc
_cKLDO
_n0
949 _617A1456254
_asnkSD 89953
_bsnk2021/9552
_o1027/2021
_s6100:20210924
949 _617A1456255
_asnkSD 89953 D1
_bsnk2021/9553
_o1027/2021
999 _c21996
_d21996